BIBLIOTECA

SENCICO

Formulación y actualización de costos de la construcción (el cómo y el porqué) (Registro nro. 2670)

Detalles MARC
000 -LEADER
fixed length control field 00527nam a2200193Ia 4500
005 - DATE AND TIME OF LATEST TRANSACTION
control field 20251020182549.0
008 - FIXED-LENGTH DATA ELEMENTS--GENERAL INFORMATION
fixed length control field 200515s9999 xx 000 0 und d
082 ## - DEWEY DECIMAL CLASSIFICATION NUMBER
Classification number N6.3/C1/648
100 ## - MAIN ENTRY--PERSONAL NAME
Personal name RIOFRIO DEL SOLAR, Rafael
245 #0 - TITLE STATEMENT
Title Formulación y actualización de costos de la construcción (el cómo y el porqué)
260 ## - PUBLICATION, DISTRIBUTION, ETC.
Place of publication, distribution, etc. Lima
260 ## - PUBLICATION, DISTRIBUTION, ETC.
Date of publication, distribution, etc. 1993
300 ## - PHYSICAL DESCRIPTION
Extent 342
520 ## - SUMMARY, ETC.
Summary, etc. Presupuestos de construcción y análisis de costos
650 ## - SUBJECT ADDED ENTRY--TOPICAL TERM
Topical term or geographic name entry element COSTOS
650 ## - SUBJECT ADDED ENTRY--TOPICAL TERM
Topical term or geographic name entry element LIB
650 ## - SUBJECT ADDED ENTRY--TOPICAL TERM
Topical term or geographic name entry element PRESUPUESTOS
942 ## - ADDED ENTRY ELEMENTS (KOHA)
Koha item type Libros
Existencias
Fecha de la última vez que lo usaron Pago total Signatura topográfica completa Código de barras Precio efectivo desde Tipo de documento Estado perdido Estado dañado No es para préstamo Retirado Ubicación permanente Ubicación actual Fecha de adquisición
15/05/2020   N6.3/C1/648 Bib-Lima15052670 15/05/2020 Libros         Biblioteca Central Lima Biblioteca Central Lima 15/05/2020